[Event "EU-ch Amateur Online Final 1700/2000"]
[Site "Tornelo INT"]
[Date "2021.04.25"]
[Round "9"]
[White "Weidenhoefer, Max"]
[Black "Ter Gevorkian, Aram"]
[Result "1-0"]
[WhiteElo "1763"]
[BlackElo "1925"]
[PlyCount "79"]
[EventDate "2021.04.25"]
[EventType "swiss (rapid)"]
[EventRounds "9"]
[EventCountry "NET"]
[SourceTitle "EXT 2023"]
[Source "ChessBase"]
[SourceDate "2022.10.05"]
[SourceVersion "1"]
[SourceVersionDate "2022.10.05"]
[SourceQuality "1"]

1. e4 Nf6 2. e5 Nd5 3. d4 Nb6 4. c4 d6 5. exd6 cxd6 6. Nc3 g6 7. Be2 Bg7 8. Be3 0-0 9. Nf3 Nc6 10. Qd2 Bg4 11. h3 Bxf3 12. gxf3 e5 13. d5 Ne7 14. h4 h5 15. Bd3 Rc8 16. b3 Nd7 17. Bh6 Nc5 18. Bc2 Nf5 19. Bxf5 e4 20. Bxc8 Nd3+ 21. Kf1 Bxh6 22. Qxh6 Qxc8 23. Nxe4 Qf5 24. Ng5 Re8 25. Qh7+ Kf8 26. Kg2 Re2 27. Nh3 Qf6 28. Qh6+ Kg8 29. Qg5 Qb2 30. Qg3 Kg7 31. Rhf1 Qf6 32. Rad1 Ne5 33. Qf4 Qe7 34. Qg5 f6 35. Qf4 Rxa2 36. Qe3 Qd7 37. Ra1 Rb2 38. Nf4 a6 39. Ne6+ Kh7 40. Nf8+ 1-0

[Event "Harrogate 4NCL op-B 17th"]
[Site "Harrogate"]
[Date "2018.01.21"]
[Round "5"]
[White "De Coverly, Roger D"]
[Black "Ter Gevorkian, Aram"]
[Result "1-0"]
[WhiteElo "1969"]
[BlackElo "1939"]
[PlyCount "140"]
[EventDate "2018.01.19"]
[EventType "swiss"]
[EventRounds "5"]
[EventCountry "ENG"]
[SourceTitle "CBM 182 Extra"]
[Source "ChessBase"]
[SourceDate "2018.02.23"]
[SourceVersion "1"]
[SourceVersionDate "2018.02.23"]
[SourceQuality "1"]

1. e4 Nf6 2. e5 Nd5 3. c4 Nb6 4. c5 Nd5 5. Nf3 d6 6. cxd6 exd6 7. d4 Nb6 8. Be2 dxe5 9. Nxe5 Bb4+ 10. Nc3 N8d7 11. 0-0 0-0 12. Bf4 c6 13. Rc1 Nxe5 14. Bxe5 Be6 15. a3 Be7 16. Ne4 Bd5 17. Nc5 Qc8 18. Rc3 Nd7 19. Bg4 f5 20. Nxd7 Qxd7 21. Bf3 Rad8 22. Bxd5+ Qxd5 23. Qh5 Qf7 24. Qxf7+ Rxf7 25. f4 Rd5 26. b4 a5 27. bxa5 Rxa5 28. Rff3 Rf8 29. Rfe3 Rfa8 30. Bxg7 Rxa3 31. Rxa3 Bxa3 32. Rg3 Kf7 33. Be5 Bf8 34. Rb3 Ra7 35. Kf1 Ke6 36. Rb6 Bd6 37. h3 Kd7 38. Ke2 Kc7 39. Rb3 b5 40. g4 Kd7 41. gxf5 Ra2+ 42. Kd1 Ra4 43. Rg3 c5 44. dxc5 Bxc5 45. Rg7+ Kc6 46. f6 Ra8 47. Rxh7 b4 48. Kc2 Ra2+ 49. Kb3 Ra8 50. Rc7+ Kd5 51. f7 Bf8 52. h4 Ra3+ 53. Kb2 Ra8 54. h5 Ke6 55. Rb7 Ra3 56. h6 Bxh6 57. Rb6+ Kxf7 58. Rxh6 Rf3 59. Rb6 b3 60. Rxb3 Rf2+ 61. Kc3 Ke6 62. Kd4 Rd2+ 63. Ke4 Re2+ 64. Re3 Rf2 65. Re1 Ra2 66. f5+ Kf7 67. Bd4 Ra8 68. Rb1 Re8+ 69. Be5 Re7 70. Rc1 Kg8 1-0

[Event "Doncaster 4NCL op-B 15th"]
[Site "Doncaster"]
[Date "2017.09.10"]
[Round "4"]
[White "David, Ivan"]
[Black "Ter Gevorkian, Aram"]
[Result "0-1"]
[WhiteElo "1857"]
[BlackElo "1922"]
[PlyCount "110"]
[EventDate "2017.09.08"]
[EventType "swiss"]
[EventRounds "5"]
[EventCountry "ENG"]
[SourceTitle "CBM 180 Extra"]
[Source "ChessBase"]
[SourceDate "2017.10.06"]
[SourceVersion "1"]
[SourceVersionDate "2017.10.06"]
[SourceQuality "1"]

1. c4 b6 2. Nc3 c5 3. Nf3 Bb7 4. d4 cxd4 5. Nxd4 Nf6 6. f3 Nc6 7. e4 g6 8. Be3 Bg7 9. Be2 0-0 10. 0-0 Rc8 11. Rc1 Nh5 12. Ndb5 a6 13. Na3 e5 14. Nc2 Nf4 15. Nd5 Nxe2+ 16. Qxe2 Nd4 17. Qd3 b5 18. Nxd4 exd4 19. Bxd4 bxc4 20. Rxc4 Rxc4 21. Qxc4 Bxd4+ 22. Qxd4 Bxd5 23. exd5 Qa5 24. a3 Re8 25. Kf2 Qc7 26. d6 Qc2+ 27. Kg3 h5 28. h4 Re6 29. Rf2 Qf5 30. Rd2 g5 31. b4 gxh4+ 32. Qxh4 Qe5+ 33. Kh3 Rg6 34. g3 Qe1 35. Rg2 Qh1+ 36. Rh2 Qxf3 37. Qf4 Qd5 38. Rd2 Qh1+ 39. Rh2 Qd5 40. Rd2 Qe6+ 41. Kh2 Rg4 42. Qf3 Qe5 43. Rf2 f5 44. Re2 Qxd6 45. Qc3 h4 46. Re8+ Kf7 47. Re3 Rxg3 48. Rxg3 Qxg3+ 49. Qxg3 hxg3+ 50. Kxg3 Ke6 51. a4 d5 52. Kf4 d4 53. Kf3 Kd5 54. b5 axb5 55. axb5 Kc5 0-1

[Event "Wakefield 4NCL op-B 14th"]
[Site "Wokefield"]
[Date "2017.07.16"]
[Round "5"]
[White "Ter Gevorkian, Aram"]
[Black "Piecha, Lukasz Marek"]
[Result "1-0"]
[WhiteElo "1927"]
[BlackElo "1752"]
[PlyCount "61"]
[EventDate "2017.07.14"]
[EventType "swiss"]
[EventRounds "5"]
[EventCountry "ENG"]
[SourceTitle "EXT 2018"]
[Source "ChessBase"]
[SourceDate "2017.10.13"]
[SourceVersion "1"]
[SourceVersionDate "2017.10.13"]
[SourceQuality "1"]

1. e4 c5 2. Nc3 g6 3. g3 Bg7 4. Bg2 Nc6 5. Nge2 e6 6. 0-0 Nge7 7. f4 0-0 8. Nb5 d5 9. e5 f6 10. d4 cxd4 11. exf6 Bxf6 12. Nbxd4 Bd7 13. Kh1 Rc8 14. Bh3 Nxd4 15. Nxd4 Bxd4 16. f5 e5 17. Bh6 Rf7 18. fxg6 Nxg6 19. Rxf7 Kxf7 20. Qf3+ Qf6 21. Qxd5+ Be6 22. Bxe6+ Qxe6 23. Rf1+ Nf4 24. Qxb7+ Ke8 25. gxf4 Qc6+ 26. Qxc6+ Rxc6 27. c3 Be3 28. Re1 Rxh6 29. Rxe3 Rb6 30. Rxe5+ Kf7 31. b4 1-0

[Event "Wakefield 4NCL op-B 14th"]
[Site "Wokefield"]
[Date "2017.07.15"]
[Round "3"]
[White "Ter Gevorkian, Aram"]
[Black "Wunderle, John P"]
[Result "1-0"]
[WhiteElo "1927"]
[BlackElo "1727"]
[PlyCount "113"]
[EventDate "2017.07.14"]
[EventType "swiss"]
[EventRounds "5"]
[EventCountry "ENG"]
[SourceTitle "EXT 2018"]
[Source "ChessBase"]
[SourceDate "2017.10.13"]
[SourceVersion "1"]
[SourceVersionDate "2017.10.13"]
[SourceQuality "1"]

1. e4 e5 2. Nf3 Nc6 3. d4 exd4 4. Nxd4 Qf6 5. Nxc6 Bc5 6. Qf3 Qxf3 7. gxf3 bxc6 8. Be3 Bb6 9. Rg1 g6 10. c4 Bxe3 11. fxe3 Ne7 12. Nc3 0-0 13. 0-0-0 d6 14. Bd3 f5 15. f4 a5 16. e5 dxe5 17. Na4 e4 18. Be2 Rf6 19. Rd8+ Kf7 20. Rgd1 Bb7 21. R8d7 Rc8 22. Nc5 Ba8 23. Rd8 Rd6 24. R8xd6 cxd6 25. Rxd6 Rc7 26. Ne6 Rc8 27. Ng5+ Kg8 28. Rd7 Re8 29. c5 Nd5 30. Nxh7 Re7 31. Nf6+ Kf7 32. Rxe7+ Nxe7 33. Nd7 Kg7 34. Ba6 Nd5 35. Kd2 Kh6 36. Nb6 Nc7 37. Bc8 g5 38. Bxf5 gxf4 39. exf4 Bb7 40. Ke3 Na6 41. Na4 Nb4 42. Nc3 Nd3 43. Na4 Nb4 44. a3 Nd5+ 45. Kxe4 Ba6 46. Nb6 Ne7 47. Ke5 Be2 48. Be4 Ng6+ 49. Bxg6 Kxg6 50. f5+ Kf7 51. Nc8 Bh5 52. b4 axb4 53. axb4 Be2 54. Na7 Bf3 55. Kd6 Be4 56. Nxc6 Bxf5 57. b5 1-0

[Event "Wakefield 4NCL op-B 13th"]
[Site "Wakefield"]
[Date "2017.04.07"]
[Round "1.4"]
[White "Ter Gevorkian, Aram"]
[Black "Almazedi, Firas"]
[Result "1-0"]
[WhiteElo "1932"]
[BlackElo "1770"]
[PlyCount "63"]
[EventDate "2017.04.07"]
[EventType "swiss"]
[EventRounds "5"]
[EventCountry "ENG"]
[SourceTitle "EXT 2023"]
[Source "ChessBase"]
[SourceDate "2022.10.05"]
[SourceVersion "1"]
[SourceVersionDate "2022.10.05"]
[SourceQuality "1"]

1. e4 c5 2. Nf3 e6 3. Qe2 Nc6 4. c3 e5 5. g3 d6 6. Bg2 g6 7. Na3 Bg7 8. Nc2 Nge7 9. d3 0-0 10. 0-0 h6 11. b4 cxb4 12. cxb4 a5 13. b5 Nb8 14. d4 Bg4 15. Bb2 Nd7 16. h3 Bxf3 17. Bxf3 Rc8 18. Rfd1 Qc7 19. Ne3 exd4 20. Bxd4 Bxd4 21. Rxd4 Ne5 22. Rad1 Nxf3+ 23. Qxf3 d5 24. exd5 Qc3 25. Qf6 Rce8 26. d6 Nf5 27. Nxf5 gxf5 28. Rg4+ fxg4 29. Qxc3 gxh3 30. d7 Rd8 31. Qf6 Kh7 32. Rd6 1-0

[Event "Wakefield 4NCL op-B 8th"]
[Site "Wakefield"]
[Date "2016.04.02"]
[Round "2"]
[White "Grobler, David J"]
[Black "Ter Gevorkian, Aram"]
[Result "0-1"]
[WhiteElo "1667"]
[BlackElo "1921"]
[PlyCount "58"]
[EventDate "2016.04.01"]
[EventType "swiss"]
[EventRounds "5"]
[EventCountry "ENG"]
[SourceTitle "CBM 171 Extra"]
[Source "ChessBase"]
[SourceDate "2016.04.26"]
[SourceVersion "1"]
[SourceVersionDate "2016.04.26"]
[SourceQuality "1"]

1. e4 Nf6 2. e5 Nd5 3. d4 d6 4. c4 Nb6 5. Nf3 g6 6. Nc3 Bg7 7. Be3 dxe5 8. Nxe5 0-0 9. Rc1 Nc6 10. Nxc6 bxc6 11. Be2 Bb7 12. 0-0 Qe8 13. Qb3 Rb8 14. Rfd1 Ba6 15. Qa3 Bxc4 16. Bxc4 Nxc4 17. Qxa7 Nxb2 18. Rd2 Nc4 19. Rdc2 Nxe3 20. fxe3 Bh6 21. Nd1 e5 22. Rxc6 exd4 23. Qxd4 Rd8 24. Qc3 Bg7 25. Qc4 Be5 26. Nc3 Bd4 27. exd4 Qe3+ 28. Kf1 Qxc1+ 29. Kf2 Qf4+ 0-1

[Event "GRE-chT 42nd"]
[Site "Porto Rio"]
[Date "2014.06.29"]
[Round "3.2"]
[White "Ter Gevorkian, Aram"]
[Black "Gazis, Efstathios"]
[Result "0-1"]
[WhiteElo "1918"]
[BlackElo "2233"]
[PlyCount "102"]
[EventDate "2014.06.28"]
[EventType "team-swiss"]
[EventRounds "7"]
[EventCountry "GRE"]
[SourceTitle "CBM 161 Extra"]
[Source "ChessBase"]
[SourceDate "2014.08.29"]
[SourceVersion "1"]
[SourceVersionDate "2014.08.29"]
[SourceQuality "1"]
[WhiteTeam "Alexandroupolis Ethnikos"]
[BlackTeam "Elefsinas STM"]
[WhiteTeamCountry "GRE"]
[BlackTeamCountry "GRE"]

1. d4 e6 2. c4 Nf6 3. Nc3 Bb4 4. Nf3 b6 5. g3 Bb7 6. Bg2 Bxc3+ 7. bxc3 d6 8. 0-0 0-0 9. Qb3 Nc6 10. a4 Na5 11. Qa2 Qd7 12. Rd1 Rab8 13. c5 Bd5 14. Qc2 Bb3 15. Qd2 Bxa4 16. Rxa4 Qxa4 17. cxd6 cxd6 18. Nh4 Rfc8 19. e4 Rxc3 20. e5 Ne8 21. Qe1 Rbc8 22. Be3 d5 23. Bf1 Nc4 24. Bg5 h6 25. Bc1 Qb3 26. Ng2 Nb2 27. Bxb2 Qxb2 28. Rb1 Qa3 29. Ra1 Qe7 30. Ba6 R8c7 31. h4 Ra3 32. Nf4 Rxa1 33. Qxa1 Qb4 34. Bd3 a5 35. Qd1 a4 36. Kg2 Qb3 37. Qh5 a3 38. g4 Qd1 39. Be2 Qxd4 40. Nxe6 Qe4+ 41. Bf3 Qg6 42. Qxg6 fxg6 43. Bxd5 Rd7 44. Bb3 Ra7 45. Nf4+ Kh7 46. h5 gxh5 47. gxh5 g5 48. hxg6+ Kg7 49. Bf7 Rxf7 50. gxf7 Kxf7 51. e6+ Kg8 0-1